01570nam a22002417a 45000010005000000030006000050050017000110080041000280200018000690400029000870500015001160820011001311000022001422450056001642500025002202600048002453000049002934900039003425050008003815200890003895210029012795210020013088243FISKH20250904145632.0250904b cb ||||| |||| 00| 0 eng d a9780194645645 aFISKHbengcFISKHdFISKH aTJ163.S725 a333.79 aSpilsbury, Louise aIncredible energy / cBy Louise & Richard Spilsbury aFirst published 2011 aOxford : bOxford University Press, c2011. a56 pages : bcolor illustrations ;c21 cm .  aOxford Read and Discover vLevel 6 aP  aRead and discover all about incredible energy... What is kinetic energy? What types of energy does electricity give us?This exciting new series of non-fiction readers provides interesting and educational content, with activities and project work. The readers are graded at four levels, from 3 to 6, suitable for students from age 8 and older. They can support Content and Language Integrated Learning (CLIL), and covera broad range of topics, within three curriculum areas:The World of Science and TechnologyThe Natural WorldThe World of Arts and Social StudiesAlso available for each reader:* Activity Book* Audio CD Pack (Reader and Audio CD)* Teacher's Notes and CLIL guidance at www.oup.com/elt/readanddiscoverActivity Book includes 16 pages of chapter-linked activities followed by after-reading whole book activities and a book review; focus on content, vocabulary, and grammar. 8 a650 bLexile estimate 8 aP bRaz-Plus